"Reinventing Government" : nueva retórica, viejos problemas
| Main Author: | |
|---|---|
| Other Authors: | |
| Format: | Libro |
| Language: | Spanish |
| Online Access: | Acceso electrónico al documento |
MARC
| LEADER | 00000cam a2200000 a 4500 | ||
|---|---|---|---|
| 001 | 026892 | ||
| 003 | UAHC_CL | ||
| 005 | 20171204110903.0 | ||
| 008 | 101118s1996 xx j 000 1 spa | ||
| 999 | |c 50054 |d 50054 | ||
| 040 | |a UAHC_CL |c UAHC_CL |d UAHC_CL | ||
| 100 | |9 1226 |a Sanatana Rabell, Leonardo | ||
| 245 | 1 | 0 | |a "Reinventing Government" |c Leonardo Santana Rabell, Mario Negrón Portillo. |b : nueva retórica, viejos problemas |
| 300 | |a 10 p. | ||
| 700 | |9 1227 |a Negrón Portillo, Mario | ||
| 856 | |u http://siare.clad.org/revistas/0027700.pdf |y Acceso electrónico al documento | ||
| 942 | |c BK |2 ddc | ||